000
00330nam a22001457a 4500
008
210311b ||||| |||| 00| 0 eng d
020
_a
9780130177629
041
_a
eng
080
_2
4th
_a
510
082
_a
510
100
_a
36
101
_a
MAT
245
_a
Excursions in Modern Mathematics
_c
Tannenbaum,P
942
_2
udc
_c
BK
999
_c
56283
_d
56283